000 01120nam a2200265 a 4500
001 BRCA_4491
005 20190320204706.0
008 140910s1949----sp-e######---#000-0#spa-#
041 _aspa
044 _asp
050 4 _aN3450
_b.S26 1949
100 1 _aSánchez Cantón, F.
_911377
245 1 0 _aMuseo del Prado
_bcatálogo de los cuadros
_cpor F. J. Sánchez Cantón.
260 _aMadrid
_bBlass
_c1949
300 _axviii, 883 p.
_bil. 1 plano
_c18 cm.
440 0 _aPublicaciones del Museo del Prado
_911378
500 _aIncluye índice cronológico de los catálogos de los cuadros del museo, índice de números de los cuadros, números de las páginas y números de las salas en las que se encuentran expuestos, relación de legados y donativos, índice de artistas citados, índice de temas y de personajes retratados e índice de lugares representados
500 _aCFG2
650 1 4 _aPinturas
_vCatálogos
_zMadrid
_911379
650 1 4 _aPinturas
_vExposiciones
_zMadrid
_911072
650 1 4 _aMuseos de arte
_zMadrid
_911380
710 2 _aMuseo del Prado (Madrid)
_911074
902 _aGFM
942 _2lcc
_cB
999 _c4197
_d4197